Pays avec les Meilleurs Esperances de Vie - Statistiques

Statistiques générales
  • Ce quiz a été pris 107 fois
  • Le résultat moyen est 10 sur 13
Statistiques - réponses
Esperance Pays % Correct
82.4 France
96%
83.7 Japon
96%
82.4 Suède
87%
82.2 Canada
84%
82.7 Italie
84%
83.4 Suisse
82%
82.8 Espagne
81%
82.3 Corée du Sud
78%
82.8 Australie
72%
82.7 Islande
62%
82.0 Luxembourg
58%
83.1 Singapour
49%
82.5 Israel
22%
Aucun quiz correspondant
Distribution des résultats
% des personnes avec chaque résultat
Percentile par nombre de réponses
Votre historique - résultats
Vous n’avez pas pris ce quiz